US President by Birthdate Quiz Stats

 Plays Quiz Updated Jan 20, 2021

Support Sporcle.
Go Orange.
Score 0/45 Timer 08:00
0 Plays Today
Date President % Correct
August 4, 1961Barack Obama
83.7%
July 6, 1946George W. Bush
81.3%
August 19, 1946Bill Clinton
80.1%
February 22, 1732George Washington
80.1%
November 20, 1942Joe Biden
78.9%
June 14, 1946Donald Trump
78.2%
June 12, 1924George H. W. Bush
74.2%
May 29, 1917John F. Kennedy
73.8%
October 1, 1924Jimmy Carter
73.2%
October 30, 1735John Adams
72.8%
February 6, 1911Ronald Reagan
71.9%
January 9, 1913Richard Nixon
71%
April 13, 1743Thomas Jefferson
70.7%
July 14, 1913Gerald Ford
69.9%
August 27, 1908Lyndon B. Johnson
66.8%
February 12, 1809Abraham Lincoln
65.9%
March 16, 1751James Madison
64.4%
April 28, 1758James Monroe
62.4%
July 11, 1767John Quincy Adams
62.3%
October 14, 1890Dwight D. Eisenhower
58.7%
January 30, 1882Franklin D. Roosevelt
58.2%
March 15, 1767Andrew Jackson
56.9%
May 8, 1884Harry S. Truman
52.3%
Date President % Correct
October 27, 1858Theodore Roosevelt
51.7%
July 4, 1872Calvin Coolidge
49.5%
February 9, 1773William Henry Harrison
48.1%
August 10, 1874Herbert Hoover
47.4%
December 5, 1782Martin Van Buren
46.9%
March 29, 1790John Tyler
45.7%
November 2, 1795James Polk
45.2%
September 15, 1857William Howard Taft
44.4%
December 28, 1856Woodrow Wilson
44.4%
April 27, 1822Ulysses S. Grant
44.2%
December 29, 1808Andrew Johnson
43.7%
November 24, 1784Zachary Taylor
43.4%
November 2, 1865Warren G. Harding
43.2%
January 7, 1800Millard Fillmore
41.3%
April 23, 1791James Buchanan
40.3%
November 23, 1804Franklin Pierce
40%
January 29, 1843William McKinley
39.6%
March 18, 1837Grover Cleveland
39.3%
October 4, 1822Rutherford B. Hayes
38.8%
August 20, 1833Benjamin Harrison
38.3%
November 19, 1831James Garfield
37.1%
October 5, 1829Chester A. Arthur
37%

From the Vault

Answer Strings

by MrWhiplash

Enjoy a good quiz, no strings attached.
Remove Ads.
Support Sporcle.
Get the best of Sporcle when you Go Orange. This ad-free experience offers more features, more stats, and more fun while also helping to support Sporcle. Thank you for becoming a member.

Show Comments

Extras

Top Quizzes Today


Score Distribution

Your Account Isn't Verified!

In order to create a playlist on Sporcle, you need to verify the email address you used during registration. Go to your Sporcle Settings to finish the process.

Report this User

Report this user for behavior that violates our Community Guidelines.

Details: